quiz animaux - Statistiques

Statistiques générales
  • Ce quiz a été pris 92 fois
  • Le résultat moyen est 6 sur 15
Statistiques - réponses
Hint Réponse % Correct
oiseau avec un gros bec colore (tres facile) toucan
84%
rois des animaux ( tres tres tres tres tres facile) lion
83%
animal ressemblant a un leopard (facile) jaguar
74%
plus grand mamifere du monde (facile) baleine
65%
baleine carnivore violente ( facile) orque
65%
oiseau tapant le bois a multiple reprise faisant du bruit (facile) pic
58%
grand oiseau noir et blanc vivant dans le sud/pole sud (facile) manchot
46%
animal le plus ressemblant a l homme (moyen) bonobo
31%
plus gros mamifere carnivore terrestre ( facile ) ours polaire
18%
antilope d asie avec une trompe ( dur ) saiga
18%
animal agressif/blaireau en afrique (moyen) ratel
15%
rapace mythique et avec les plus grosse serres (dur) harpie féroce
9%
plus grand oiseau du monde en envergure (moyen) albatros hurleur
8%
oiseau considere comme le plus beau du costa rica (dur) quetzal resplendissant
5%
melange entre un herisson et une musareigne ( tres tres dur) tenrec raye
3%
Aucun quiz correspondant
Distribution des résultats
% des personnes avec chaque résultat
Percentile par nombre de réponses
Votre historique - résultats
Vous n’avez pas pris ce quiz